| 000 | 00474nam a2200157Ia 4500 | ||
|---|---|---|---|
| 999 |
_c17291 _d17291 |
||
| 003 | OSt | ||
| 005 | 20200606120038.0 | ||
| 008 | 190216s9999||||xx |||||||||||||| ||und|| | ||
| 040 | _cMESKC library | ||
| 082 |
_a891.433 _bMIT/G |
||
| 100 |
_aMithre, Prementre _9455 |
||
| 245 | 0 |
_aDanashyam Da Ke Aur Kisse / _cPrementre Mithre |
|
| 260 |
_bRadhakrishna Prakashan, _aDelhi: _c1986. |
||
| 300 | _a129p | ||
| 942 |
_cBK _2ddc _h891.433 _iMIT/G _k891.433 _mMIT/G |
||